01376cam a22003498i 45000010009000000050017000090080041000260100017000670200018000840200018001020200018001200410008001380420008001460820017001541000027001712450027001982600028002252630009002532640055002623000023003173360026003403370028003663380027003945040051004215200285004726500028007576500025007856500024008107000021008347000021008557760150008762347878420250403163533.0231222s2024 mau b 001 0 eng  a 2023053314 a9780262549059 z9780262379861 z9780262379878 aeng apcc00a005.7588 FIL1 aFilippi, Primavera De 10aBlockchain Governance  aLondonbMIT Pressc2024 a2407 1aCambridge, Massachusetts :bThe MIT Press,c[2024] a226;. pages: 18 cm atextbtxt2rdacontent aunmediatedbn2rdamedia avolumebnc2rdacarrier aIncludes bibliographical references and index. a"Blockchain Governance offers an accessible, critical overview of legal and political issues related to blockchain technology. It moves beyond the hype, showing how blockchain offers a fertile ground for experimentation with radically new ways to govern people and institutions"-- 0aBlockchains (Databases) 0aInternet governance. 0aTechnology and law.1 aReijers, Wessel,1 aMannan, Morshed,08iOnline version:aDe Filippi, Primavera.tBlockchain governancedCambridge, Massachusetts : The MIT Press, [2024]z9780262379861w(DLC) 2023053315